| 000 | 00927cam a22002777a 4500 | ||
|---|---|---|---|
| 003 | CHAP | ||
| 005 | 20220329134112.0 | ||
| 008 | 971013s1896 r 00010 d | ||
| 010 | _a15402 | ||
| 011 | _a16374 | ||
| 035 | _a20453 | ||
| 040 | _cCHAP | ||
| 082 |
_a631.7 _bH5 |
||
| 100 | 0 | 0 |
_aHidalgo y Tablada, José de. _955211 |
| 245 | 1 | 3 | _aEl agrónomo. Manual de riegos y aplicación de las aguas de aluvión al cultivo de las tierras. Establecimiento de los prados naturales y artificiales |
| 260 |
_aMéxico, D.F. : _bSecretaría de Fomento, _c1896 |
||
| 300 | _a632 p. | ||
| 590 |
_aBATCH-UPD _b10 _c20130110 _lUCH01 _h1108 |
||
| 590 |
_aBATCH-UPD _b10 _c20130410 _lUCH01 _h0659 |
||
| 590 |
_aBATCH-UPD _b10 _c20130914 _lUCH01 _h1655 |
||
| 590 |
_aCONVERSION _b10 _c20130109 _lUCH01 _h1310 |
||
| 650 | 1 | 4 |
_aIrrigación. _960366 |
| 901 | _aBK | ||
| 942 | _cLIBRO | ||
| 949 |
_a631.7 H5 _bBC _cBPP _d-47735 _eBPP _h21852 _i20453 _si |
||
| 999 |
_c15402 _d15402 |
||